000 00729nam a22002175i 4500
001 176442
003 ES-MaACL
005 20250804062549.0
008 110117s1986 sp |||| | spa d
020 _a84-206-0158-6
080 _a821.134.3-34"19"
100 1 _aPessoa, Fernando,
_d1888-1935
_991451
245 1 3 _aEl banquero anarquista y otros cuentos de raciocinio /
_cFernando Pessoa ; [traductor: Miguel Ángel Viqueira].
260 _aMadrid :
_bAlianza,
_cD. L. 1986.
300 _a149 p. ;
_c18 cm.
490 1 _aEl libro de bolsillo ;
_v1158
700 0 _aViqueira, Miguel Ángel.
_9144775
830 0 3 _aEl libro de bolsillo
_v1158
_9177802
852 _aES-MaACL
_jE-14069
999 _c176442
_d176442